| 000 | 00746nam a2200193 a 4500 | ||
|---|---|---|---|
| 003 | 0 | ||
| 005 | 20250319113043.0 | ||
| 008 | 060802s19uu xx 00 eng d | ||
| 050 |
_aPGS TX 357.C66 _b.T238 2006 |
||
| 100 | _aTaylor, John Gilbert. | ||
| 245 |
_aA comparative study of the food preferences of grade 5 and 6 students / _cJohn Gilbert Taylor. |
||
| 260 |
_aLas PiƱas City, Philippines : _bSouthville International School and Colleges, _c2006. |
||
| 300 |
_a37 pages : _billustrations ; _c28 cm. |
||
| 504 | _aIncludes bibliographical references. | ||
| 650 | _aFood preferences in children. | ||
| 650 | _aEating habits of school children. | ||
| 650 | _aNutrition and dietary habits of elementary students. | ||
| 942 |
_2lcc _cPASS |
||
| 999 |
_c97556 _d97556 |
||